Normal view
MARC view
Entry Topical Term
001 - CONTROL NUMBER
- control field: 1235816
003 - CONTROL NUMBER IDENTIFIER
- control field: OSt
005 - DATE AND TIME OF LATEST TRANSACTION
- control field: 20260428105125.0
008 - FIXED-LENGTH DATA ELEMENTS
- fixed length control field: 260428|| aca||aabn | a|a d
040 ## - CATALOGING SOURCE
- Original cataloging agency: OSt
- Transcribing agency: OSt
150 ## - HEADING--TOPICAL TERM
- Topical term or geographic name entry element: Ghaznevids
670 ## - SOURCE DATA FOUND
- Source citation: Work cat.: (OSt)1848589: Bosworth, Clifford Edmund. 1235815, The later Ghaznavids ; splendour and decay :, 1992.
